000 00756nam a22002417a 4500
003 UA-OsUOA
001 45955
007 ta
008 20111229b un ||||| |||| 00| 0 ukr d
090 _a82(477)
_bС48
942 _cBK
040 _aUA-OsUOA
_bukr
_cUA-OsUOA
_dUA-OsUOA
245 _aСлово
_b8
300 _a256 с.
955 _a3
041 _aukr
080 _a82(477)
260 _aЕдмонтон
_c1982
246 3 1 _aЗбірник: література, мистецтво, критика, мемуари, документи
650 7 _a82 Література. Літературознавство
_2UDC
999 _c426062
_d426062